00785 2200313 4500001002100000005001500021035002000036007000300056008004100059020002200100082000800122084001400130100001800144245007300162260004500235300003100280650002900311700001800340990001200358990001200370990001100382990001200393990001100405990001100416990001100427990001100438990001100449990001100460INLIS00000000000207920180716022816 a0010-0718000031ta180716 g 0 ind  a978-602-03-1516-4 a745 a745 IVA a0 aIVA, Hardiana1 aAntara Pengantin dengan Boneka /cIva Hardiana; editor, Petro Aquina aJakarta :bGramedia Pustaka Utama,c2015 a91 hlm. :bilus. ;c23 cm. aKERAJINAN DAN KEPANDAIAN0 aPETRO, Aquina a16483 a a16483 b a16483b a16483 a a16483a a16483b a16483a a16483b a16483b a16483a